| 000 | 01048nam a22002297a 4500 | ||
|---|---|---|---|
| 003 | BD-DhUL | ||
| 005 | 20240930113303.0 | ||
| 008 | 161019s2015 bg a|||| b||| 000 0 ben | ||
| 020 | _a9789844080492 (hbk) | ||
| 040 |
_cBD-DhUL _dBD-DhUL _dBD-DhUL |
||
| 082 |
_a891.4409 _bWAB |
||
| 100 | 1 | _aআহমদ,ওয়াকিল | |
| 245 | 0 | 0 |
_aবাংলা সাহিত্যের পুরাবৃত্ত / _cওয়াকিল আহমদ। |
| 250 | _a৪র্থ পরিবর্তিত, পরিবর্ধিত ও পরিমার্জিত সং.। | ||
| 260 |
_aঢাকা : _bখান ব্রাদাস, _c২০১৫। |
||
| 300 |
_a৭১৯ পৃ. : _cচিত্র ; _b২২ সেমি. |
||
| 365 |
_aBDT _b600.00 |
||
| 504 | _aগ্রন্থপঞ্জিগত তথ্য সংবলিত। | ||
| 650 | 4 |
_aবাংলা সাহিত্য _xইতিহাস ও সমালোচনা। |
|
| 650 | 4 |
_aBangla Literature _xHistory & Criticism. |
|
| 942 |
_2ddc _cBK |
||
| 999 |
_c259606 _d259606 |
||